00913nas a2200229Ia 4500001001100000003000900011008004100020040001300061040001300074041001300087100004400100210001200144222001200156245008200168250001100250260002200261501008600283300001800369362002500387500022800412650004300640R142/77665IT-RoPAU151124c99999999xx |||||||||||| ||und|| aIT-RoPAU cIT-RoPAU aFRANCESE aMeadel CecilegCodice Aut. SPICS: 17016 aRESEAUX aReseaux aRESEAUX, N.039 (GENNAIO 1990)bDe la Formation Des Comportements Et Des Gouts a1a ed. aPARISbCNETc1990 bPaulus - SPICS - Società San Paolo EM (non-commercial uses only)cCopyright2015 a19 p. [37-55] aN.039 (GENNAIO 1990) aFormazione dei Comportamenti e dei Gusti. Una Storia dei Sondaggi Alla Televisione Negli Anni 50. Tre Tipi di Sondaggi e Tre Tipi di Domande. Rappresentatività e Generalizzazione. Non Sempre Sondaggio e Potere Combaciano. aCOMUNICAZIONEvPUBBLICAZIONE PERIODICA